Vainqueurs du championnat d'Europe de football - Statistiques

Statistiques générales
  • Ce quiz a été pris 136 081 fois
    46 841 depuis la dernière actualisation
  • Le résultat moyen est 9 sur 17
Statistiques - réponses
Édition Pays hôte(s) Vainqueur % Correct
2024 Allemagne Espagne
99%
2016 France Portugal
96%
2020 (Europe) Italie
95%
2012 Pologne et Ukraine Espagne
87%
2000 Belgique et Pays-Bas France
80%
2008 Autriche et Suisse Espagne
79%
2004 Portugal Grèce
71%
1996 Angleterre Allemagne
64%
1984 France France
52%
1980 Italie Allemagne de l'Ouest
36%
1992 Suède Danemark
36%
1968 Italie Italie
26%
1988 Allemagne de l'Ouest Pays-Bas
26%
1964 Espagne Espagne
25%
1972 Belgique Allemagne de l'Ouest
22%
1960 France Union Soviétique
17%
1976 Yougoslavie Tchécoslovaquie
11%
Aucun quiz correspondant
Distribution des résultats
% des personnes avec chaque résultat
Percentile par nombre de réponses
Votre historique - résultats
Vous n’avez pas pris ce quiz depuis la dernière actualisation